Hugó Károly élete és színművei

Elmentve itt :
Bibliográfiai részletek
Szerző: Móczár József
Dokumentumtípus: Könyv
Megjelent: Várnay L. Könyvnyomdája Szeged, Magyarország 1894
Kulcsszavak:Hugo Károly, Magyar irodalom - dráma - 19. sz. - életrajz
Tárgyszavak:
Online Access:http://misc.bibl.u-szeged.hu/57736
LEADER 00729nam a2200193 i 4500
001 misc57736
005 20210516091312.0
008 210516s1894 hu o 0|| hun d
040 |a SZTE Miscellanea Repozitórium  |b hun 
041 |a hun 
100 1 |a Móczár József 
245 1 0 |a Hugó Károly élete és színművei  |h [elektronikus dokumentum] /  |c  Móczár József 
260 |a Várnay L. Könyvnyomdája  |b Szeged, Magyarország  |c 1894 
300 |a 104 p.  |c 19 cm 
650 4 |a Bölcsészettudományok 
650 4 |a Nyelvek és irodalom 
650 4 |a Általános irodalomtudományok 
695 |a Hugo Károly, Magyar irodalom - dráma - 19. sz. - életrajz 
856 4 0 |u http://misc.bibl.u-szeged.hu/57736/1/xa_157932.pdf  |z Dokumentum-elérés